000 00438nam a2200145Ia 4500
008 151021s9999 xx 000 0 und d
020 _a716743701
050 _aQE 28.2.P 2001
245 _a_Earth Issues Reader For understanding Earth and Environmental Geology Frank press
260 _aNew York W.H.Freeman 2001
300 _a132p;ill.
650 _a_Geology
700 _a_RAymond Siever
980 _a^d20120814 10:53:05^okorir
999 _c12332
_d12332